Pavitr Aatma Hamara Mitr (Record no. 6889)

MARC details
000 -LEADER
fixed length control field 00604nam a2200241 a 4500
020 ## - INTERNATIONAL STANDARD BOOK NUMBER
ISBN
082 00 - DEWEY DECIMAL CLASSIFICATION NUMBER
Classification number 231.3
Author Cutter ERI
100 ## - MAIN ENTRY--AUTHOR NAME
Author name Erik, Bernspang
245 ## - TITLE STATEMENT
Title Pavitr Aatma Hamara Mitr
Sub title Holy Spirit Our Friend.
260 ## - PUBLICATION, DISTRIBUTION, ETC. (IMPRINT)
Place of publication Chhinwara, M.P
Name of publisher Evangelistic Secretary
Year of publication 1985
300 ## - PHYSICAL DESCRIPTION
Number of Pages 216p
500 ## - GENERAL NOTE
General note includes index and biblioraphy
505 2# - FORMATTED CONTENTS NOTE
Formatted contents note Index
650 ## - SUBJECT ADDED ENTRY--TOPICAL TERM
Topical Term Holy Spirit
942 ## - ADDED ENTRY ELEMENTS (KOHA)
Koha item type Books
700 1# -
-- Erik, Bernspang
Holdings
Collection code Home library Current library Date acquired Cost, normal purchase price Full call number Accession Number Koha item type
  Henry Martyn Institute Library Henry Martyn Institute Library 06/15/2007 100.00 231.3 ERI 012930 Books
                   Copyright © 2026 | Henry Martyn Institute | Hyderabad | TS-500052 | INDIA | Implemented by hmi.edu.in
Hit-Count:

Powered by Koha